00720 a2200193 4500999001900000005001700019010001500036020003000051035001400081037001300095082001600108100001500124245010700139260003000246270006900276300002200345942003500367952012400402 c183491d18349120211227122807.0 aENG-130672 a978-93-90022-26-7c950.00 aEN-114204 bDBAD/PUB a320.8095483 aRajesh, K. aLocal Politics and Participatory Planning in Kerala:cK. RajeshbDemocratic Decentralization 1996-2016 aDelhibPrimus Booksc2019 aVirat Bhawan, Mukherjee Nagar, Commercial ComplexbDelhie110009 a167p.c24cm (hbk) adplcEN2ddch320.8095483mRAJ 001040708NFICaMbMd2021-12-27eDBAD/PUBg950.00l0o320.8095483 RAJpEN-114204r2021-12-27 00:00:00t1v950.00yEN